• 首页
  • 本馆介绍
  • 公告通知
  • 最新文献
  • 馆藏检索
  • 电子资源
  • 读者荐购
  • 参考咨询
  • CALIS
  • 我的图书馆
  • 登录
  • 详细信息显示
  • 放入我的书架
  • 预约/预借图书
  • 作者相关作品
  • 分类相关作品
  • 丛书相关作品
  • 出版社相关作品

书目信息

  • 表格格式
  • 工作单格式
  • 卡片格式
题名:
情调上海
    
 
作者: 孙知 著
分册:  
出版信息: 重庆   重庆出版社  2004.11
页数: 176页
开本: 21cm
丛书名: 大脚丫系列
单 册:
中图分类: K925.1
科图分类:
主题词: 旅游指南--lu you zhi nan--上海市
电子资源:
ISBN: 7-5366-6580-6
 
 
 
 
 
000 00975nam 2200277 450
001 012008670080
005 20080314161834.93
010    @a7-5366-6580-6@dCNY25.00
100    @a20080314d2004 km y0chiy0120 ea
101 0  @achi
102    @aCN@b510000
105    @aab z 000yy
106    @ar
200 1  @a情调上海@Aqing diao shang hai@f孙知著@Fsun zhi zhu
210    @a重庆@c重庆出版社@d2004.11
215    @a176页@c彩图, 地图@d21cm
225 2  @a大脚丫系列@Ada jiao ya xi lie
312    @a英文题名取自封面。
330    @a本书有别于一般旅游指南,贴心设计的路线与详尽的信息,让旅行者省时、省钱、省心。作者以独特味道的笔触带领读者游上海,使读者不觉融入上海百姓的日常生活,感受到活生生跳动的历史脉搏,并深深爱上这座城市。
410  0 @12001 @a大脚丫系列
510 1  @aSensation ShangHai@zeng
606 0  @a旅游指南@Alu you zhi nan@y上海市
690    @aK925.1@v4
701  0 @a孙知@Asun zhi@4著
801  0 @aCN@bQSSK@c20080314
905    @b20282776-78@dK925.1@eS983@f3
    
    情调上海/孙知著.-重庆:重庆出版社,2004.11
    176页:彩图, 地图;21cm.-(大脚丫系列)
    
    
    ISBN 7-5366-6580-6:CNY25.00
    本书有别于一般旅游指南,贴心设计的路线与详尽的信息,让旅行者省时、省钱、省心。作者以独特味道的笔触带领读者游上海,使读者不觉融入上海百姓的日常生活,感受到活生生跳动的历史脉搏,并深深爱上这座城市。
●
相关链接 在E读中查询图书 在当当中查询图书 在豆瓣中查询图书


正题名:情调上海     索取号:K925.1/S983         预约/预借

序号 登录号 条形码 馆藏地/架位号 状态 备注
1 282776   202827762   社科库309/309社科库 14排2列2层/ [索取号:K925.1/S983] 在馆    
2 282777   202827771   社科库309/309社科库 14排2列2层/ [索取号:K925.1/S983] 在馆    
3 282778   202827780   社科库309/309社科库 14排2列2层/ [索取号:K925.1/S983] 在馆    
河南城建学院图书馆 欢迎您!
大连网信软件有限公司© 版权所有